<?xml version="1.0" encoding="UTF-8"?>
<record
    xmlns:xsi="http://www.w3.org/2001/XMLSchema-instance"
    xsi:schemaLocation="http://www.loc.gov/MARC21/slim http://www.loc.gov/standards/marcxml/schema/MARC21slim.xsd"
    xmlns="http://www.loc.gov/MARC21/slim">

  <leader>00560nam a2200097Ia 4500</leader>
  <controlfield tag="008">160725s9999    xx            000 0 und d</controlfield>
  <datafield tag="100" ind1=" " ind2=" ">
    <subfield code="a">Adamos, Lisandro, A. &amp; Ducut, Fulgencio D.</subfield>
  </datafield>
  <datafield tag="245" ind1=" " ind2="3">
    <subfield code="a">An implementation of an attendance monitoring system for computer laboratories in the college division of southville international school and colleges using biometric technology. Kaizen Research Journal College of Information Technology, 1, 19-30.</subfield>
  </datafield>
  <datafield tag="260" ind1=" " ind2=" ">
    <subfield code="b">Kaizen Research Journal College of Information Technology</subfield>
    <subfield code="c">January 2014</subfield>
  </datafield>
  <datafield tag="650" ind1=" " ind2=" ">
    <subfield code="a">INFORMATION TECHNOLOGY</subfield>
  </datafield>
  <datafield tag="999" ind1=" " ind2=" ">
    <subfield code="c">298012</subfield>
    <subfield code="d">298012</subfield>
  </datafield>
  <datafield tag="952" ind1=" " ind2=" ">
    <subfield code="0">0</subfield>
    <subfield code="1">0</subfield>
    <subfield code="4">0</subfield>
    <subfield code="a">A</subfield>
    <subfield code="b">A</subfield>
    <subfield code="c">AR</subfield>
    <subfield code="d">2016-07-25</subfield>
    <subfield code="l">0</subfield>
    <subfield code="r">2016-07-25 00:00:00</subfield>
    <subfield code="w">2016-07-25</subfield>
    <subfield code="y">SV</subfield>
  </datafield>
</record>
